La teoría de la demanda con preferencias lexicográficas (Registro nro. 28739)
[ vista simple ]
| 000 -LEADER | |
|---|---|
| fixed length control field | 00341 a2200109 4500 |
| 001 - CONTROL NUMBER | |
| control field | ART_23936 |
| 005 - DATE AND TIME OF LATEST TRANSACTION | |
| control field | 20260410161932.0 |
| 008 - FIXED-LENGTH DATA ELEMENTS--GENERAL INFORMATION | |
| fixed length control field | 260409a |
| 100 1# - MAIN ENTRY--PERSONAL NAME | |
| Personal name | Pablo, Juan Carlos de |
| 245 10 - TITLE STATEMENT | |
| Title | La teoría de la demanda con preferencias lexicográficas |
| 773 0# - HOST ITEM ENTRY | |
| Title | Informe |
| Related parts | - Año VI, Nº 42 (oct./dic. 1974) |
| Record control number | REV23765 |
No hay ítems disponibles.